| 000 | 00672nam a2200241Ia 4500 | ||
|---|---|---|---|
| 003 | GCL | ||
| 008 | 140319s9999 xx 000 0 ara d | ||
| 040 |
_aGCL / _cGCL |
||
| 082 | 0 | 4 |
_a331.126 _bز م |
| 100 | 1 | _aزكريا احمد نصر | |
| 245 | 1 | 0 |
_aمقدمة فى نظرية القيمة / _cزكريا احمد نصر |
| 260 |
_a[S.N] : _bمطبعة نهضة مصر |
||
| 300 | _a428 | ||
| 490 | _a | ||
| 650 | 0 | 4 | _aالاقتصاد |
| 650 | 0 | 4 | _aالتسويق |
| 650 | 0 | 4 | _aالعرض والطلب |
| 650 | 0 | 4 | _aالاسواق |
| 650 | 0 | 4 | _aالاحتكار |
| 650 | 0 | 4 | _aالمنافسة |
| 650 | 0 | 4 | _aالقيمة النظرية |
| 942 |
_2ddc _cBK |
||
| 999 |
_c30660 _d30660 |
||